La fotografía del siglo XX: Museum Ludwig Colonia

Uloženo v:
Podrobná bibliografie
Korporativní autor: Museum Ludwig Colonia (Autor)
Médium: Kniha
Jazyk:španělština
Vydáno: Colonia Taschen 2007
Vydání:1a. ed
Témata:
Tagy: Přidat tag
Žádné tagy, Buďte první, kdo vytvoří štítek k tomuto záznamu!

MARC

LEADER 00000cam a2200000 a 4500
001 UCI6713
003 CL-VaPUC
008 080523e20070000GW |||||||||||||||||spa|d
020 |a 9783822840825 
082 0 4 |a 770.904  |b MUS  |2 21 
110 2 |a Museum Ludwig Colonia  |e author  |9 529681 
245 1 3 |a La fotografía del siglo XX: Museum Ludwig Colonia 
250 |a 1a. ed 
300 |a 760 p 
942 |c BK 
945 |d 20080523 00:00:00  |a cmena 
260 |a Colonia  |b Taschen  |c 2007 
650 7 |a FOTOGRAFIA SIGLO 20  |2 CL-VaPUC  |9 529682 
650 0 |a Historia de la fotografía  |9 494165 
650 0 |a Historia del arte  |9 314877 
583 |a last modification  |c 20130502 07:47:16  |k Rodrigo Vera 
999 |c 330162  |d 330160 
952 |0 0  |1 0  |4 0  |6 770_904000000000000_MUS_2007  |7 0  |8 A  |9 415559  |a BIBCUR  |b BIBCUR  |d 2019-11-22  |i 443725K  |l 2  |o 770.904 MUS 2007  |p 443725K  |r 2025-04-22  |s 2024-10-07  |w 2019-11-22  |y BK  |k PER 
952 |0 0  |1 0  |4 0  |6 770_904000000000000_MUS_2007  |7 0  |8 A  |9 415560  |a BIBARQ  |b BIBARQ  |d 2019-11-22  |i 4968735  |l 3  |o 770.904 MUS 2007  |p 4968735  |r 2025-01-20  |s 2022-07-07  |w 2019-11-22  |y BK  |k ARQ